Statistics for Mediterranean Geography Quiz

Click here to take the quiz!

General Stats

  • This quiz has been taken 512 times
  • The average score is 37 of 62

Answer Stats

HintAnswer% Correct
Canal connecting the
Mediterranean to the Red Sea
Suez Canal
95%
Europe's most active volcanoMount Etna
92%
Strait to the Atlantic OceanStrait of Gibraltar
92%
Palestinian territoryGaza Strip
88%
Partly Greek, partly TurkishCyprus
87%
Smallest EU memberMalta
85%
"Billionaires' Playground"Monaco
84%
Minoan CivilizationCrete
82%
World's No.1 party islandIbiza
82%
Africa's northernmost capitalTunis
82%
Croatia borders itAdriatic Sea
80%
Mountain range stretching from
Morocco to Tunisia
Atlas
80%
Region of Croatia or a breed of dogDalmatia
78%
Spanish island chainBalearic Islands
77%
On Turkey's western coastAegean Sea
76%
Tech-capital of IsraelTel Aviv
76%
Once the "Paris of the Middle East"Beirut
72%
Where Napoleon was exiledElba
71%
Longest river in ItalyPo
71%
Named for France's national anthemMarseille
70%
Biggest citiesAlexandria
69%
Biggest citiesRome
68%
Biggest citiesBarcelona
67%
Country with only 18 km of coastlineBosnia and
Herzegovina
67%
Colossus of HeliosRhodes
67%
Greece's second cityThessaloniki
67%
Biggest citiesAlgiers
65%
Walled city of CroatiaDubrovnik
63%
Separates Italy and GreeceIonian Sea
63%
Sea connected by that straitSea of Marmara
63%
River that starts in Lake VictoriaNile
62%
Two main former Italian
maritime republics
Venice
61%
Biggest citiesNaples
60%
Where Napoleon was exiledCorsica
59%
Croatian city or opposite of mergeSplit
59%
Historically known as "Smyrna"Izmir
57%
Greek peninsula with the namesake
of Athens and Sparta's war
Peloponnese
57%
Greek island famous for its white
buildings with blue roofs
Santorini
57%
Croatian island with no vowelsKrk
54%
Koper is this country's main portSlovenia
54%
Spanish cities in mainland AfricaCeuta
53%
River that goes from Lake Geneva
to the Mediterranean
Rhône
53%
Two main former Italian
maritime republics
Genoa
52%
Caesar said "the die is cast"
while crossing it
Rubicon
52%
Turkish strait to the MediterraneanDardanelles
51%
"Côte d'Azur" is its French nameFrench Riviera
51%
Makes most of Italy's
western coastlines
Tyrrhenian Sea
48%
Second Roman EmperorTiber
46%
Spanish cities in mainland AfricaMelilla
42%
Strait between Italy and TunisiaStrait of Sicily
41%
Longest river in SpainEbro
35%
Where two U.S. government
facilities were attacked
Benghazi
34%
Easternmost part of the sea
(Namesake of the L region it borders)
Levantine Sea
34%
Home to the Baháʼí World CentreHaifa
32%
Albania's second biggest city and
main port
Durrës
31%
Where Montgomery beat RommelEl Alamein
31%
Italian Riviera overlooks itLigurian Sea
31%
Largest island of North AfricaDjerba
24%
Bay in Montenegro that is a
UNESCO World Heritage site
Bay of Kotor
23%
French gulf with an animal's nameGulf of Lion
20%
Westernmost part of the seaAlboran Sea
17%
Main port of SyriaLatakia
17%

Score Distribution

Percentile by Number Answered

Percent of People with Each Score

Your Score History

You have not taken this quiz